Name Every Gruiform - Statistics

General Stats
  • This quiz has been taken 4 times
  • The average score is 41 of 169
Answer Stats
Family Genus Species % Correct
American Coot
100%
Black Crowned-Crane
100%
Black-necked Crane
100%
Brolga
100%
Grus Common Crane
100%
Common Gallinule
100%
Crex Corn Crake
100%
Eurasian Coot
100%
Eurasian Moorhen
100%
Giant Coot
100%
Gruidae Balearica Gray Crowned-Crane
100%
Gray-headed Swamphen
100%
Horned Coot
100%
King Rail
100%
Lewin's Rail
100%
Aramidae Aramus Limpkin
100%
Purple Gallinule
100%
Red-crowned Crane
100%
Antigone Sandhill Crane
100%
Leucogeranus Siberian Crane
100%
Porzana Sora
100%
Virginia Rail
100%
Water Rail
100%
White-winged Coot
100%
Whooping Crane
100%
Yellow Rail
100%
Heliornithidae Podica African Finfoot
50%
Porphyrio Allen's Gallinule
50%
Black Crake
50%
Black Rail
50%
Blue Crane
50%
Buff-banded Rail
50%
Clapper Rail
50%
Dark-winged Trumpeter
50%
Anthropoides Demoiselle Crane
50%
Aramides Giant Wood-Rail
50%
Gray-cowled Wood-Rail
50%
Psophiidae Psophia Gray-winged Trumpeter
50%
Guam Rail
50%
Hooded Crane
50%
Little Crake
50%
Heliopais Masked Finfoot
50%
Okinawa Rail
50%
Paint-billed Crake
50%
Pale-winged Trumpeter
50%
Rougetius Rouget's Rail
50%
Sarus Crane
50%
Slate-colored Coot
50%
Spotted Crake
50%
Aenigmatolimnas Striped Crake
50%
Heliornis Sungrebe
50%
Gallicrex Watercock
50%
Bugeranus Wattled Crane
50%
Weka
50%
White-breasted Waterhen
50%
White-naped Crane
50%
Crecopsis African Crake
0%
African Rail
0%
African Swamphen
0%
Andaman Crake
0%
Mustelirallus Ash-throated Crake
0%
Auckland Islands Rail
0%
Australasian Swamphen
0%
Australian Crake
0%
Austral Rail
0%
Aztec Rail
0%
Azure Gallinule
0%
Baillon's Crake
0%
Band-bellied Crake
0%
Bare-eyed Rail
0%
Barred Rail
0%
Black-backed Swamphen
0%
Black-banded Crake
0%
Blackish Rail
0%
Black-tailed Crake
0%
Tribonyx Black-tailed Nativehen
0%
Gymnocrex Blue-faced Rail
0%
Bogota Rail
0%
Brown-cheeked Rail
0%
Brown Crake
0%
Brown Wood-Rail
0%
Buff-spotted Flufftail
0%
Gallirallus Calayan Rail
0%
Rallicula Chestnut Forest Rail
0%
Anurolimnas Chestnut-headed Crake
0%
Chestnut-headed Flufftail
0%
Chestnut Rail
0%
Colombian Crake
0%
Dot-winged Crake
0%
Dusky Moorhen
0%
Ecuadorian Rail
0%
Forbes's Forest Rail
0%
Galapagos Rail
0%
Gough Moorhen
0%
Gray-breasted Crake
0%
Canirallus Gray-throated Rail
0%
Hawaiian Coot
0%
Henderson Island Crake
0%
Laterallus Inaccessible Island Rail
0%
Invisible Rail
0%
Amaurornis Isabelline Bush-hen
0%
Paragallinula Lesser Moorhen
0%
Little Wood-Rail
0%
Lord Howe Rail
0%
Luzon Rail
0%
Madagascar Flufftail
0%
Sarothruridae Mentocrex Madagascar Forest Rail
0%
Madagascar Rail
0%
Gallinula Makira Moorhen
0%
Mangrove Rail
0%
Mayr's Forest Rail
0%
New Britain Rail
0%
New Caledonian Rail
0%
Megacrex New Guinea Flightless Rail
0%
Himantornis Nkulengu Rail
0%
Rufirallus Ocellated Crake
0%
Pale-vented Bush-hen
0%
Philippine Swamphen
0%
Plain Bush-hen
0%
Plain-flanked Rail
0%
Plumbeous Rail
0%
Red-and-white Crake
0%
Red-chested Flufftail
0%
Fulica Red-fronted Coot
0%
Red-gartered Coot
0%
Red-knobbed Coot
0%
Red-legged Crake
0%
Rallina Red-necked Crake
0%
Red-winged Wood-Rail
0%
Rallidae Rallus Ridgway's Rail
0%
Roviana Rail
0%
Zapornia Ruddy-breasted Crake
0%
Ruddy Crake
0%
Rufous-faced Crake
0%
Rufous-necked Wood-Rail
0%
Rufous-sided Crake
0%
Russet-crowned Crake
0%
Russet-naped Wood-Rail
0%
Rusty-flanked Crake
0%
Sakalava Rail
0%
Samoan Moorhen
0%
Lewinia Slaty-breasted Rail
0%
Slaty-breasted Wood-Rail
0%
Slaty-legged Crake
0%
Slender-billed Flufftail
0%
Aramidopsis Snoring Rail
0%
South Island Takahe
0%
Speckled Rail
0%
Porphyriops Spot-flanked Gallinule
0%
Spotless Crake
0%
Pardirallus Spotted Rail
0%
Streaky-breasted Flufftail
0%
Striped Flufftail
0%
Coturnicops Swinhoe's Rail
0%
Talaud Bush-hen
0%
Talaud Rail
0%
Tasmanian Nativehen
0%
Tsingy Forest Rail
0%
Amaurolimnas Uniform Crake
0%
Western Swamphen
0%
Poliolimnas White-browed Crake
0%
Sarothrura White-spotted Flufftail
0%
White-striped Forest Rail
0%
White-throated Crake
0%
Dryolimnas White-throated Rail
0%
White-winged Flufftail
0%
Woodford's Rail
0%
Yellow-breasted Crake
0%
Zapata Rail
0%
No matching quizzes found
Score Distribution
Percent of People with Each Score
Percentile by Number Answered
Your Score History
You have not taken this quiz